Statistics for Top 10 US States With The Lowest Median Household Income

Click here to take the quiz!

General Stats

  • This quiz has been taken 36 times
  • The average score is 9 of 10

Answer Stats

IncomeState% Correct
6) $50,536Alabama
100%
3) $47,597Arkansas
97%
1) $45,081Mississippi
97%
4) $49,469Louisiana
94%
5) $49,754New Mexico
94%
8) $52,919Oklahoma
94%
10) $53,320Tennessee
94%
7) $50,589Kentucky
91%
9) $53,199South Carolina
89%
2) $46,711West Virginia
89%

Score Distribution

Percentile by Number Answered

Percent of People with Each Score

Your Score History

You have not taken this quiz